000 00539nam a2200181Ia 4500
008 230921s9999||||xx |||||||||||||| ||und||
020 _a978-981-10-6194-3
022 _a2522-5111
041 _aEN
100 _aSophia Yat Mei Lee
245 0 _aEmotion and Cause
250 _a1st ed. 2019
260 _c2019
_bSpringer Singapore
440 _aStudies in East Asian Linguistics
856 _uhttps://doi.org/10.1007/978-981-10-6194-3
856 _uhttps://link.springer.com/openurl?genre=book&isbn=978-981-10-6194-3
942 _cEB
999 _c255283
_d255283